Podniková sociálna politika

Funkcie, ciele a zámery podnikovej sociálnej politiky. Pracovné podmienky zamestnancov. Zmluvná a dobrovoľná starostlivosť o zamestnancov. Sociálny program podniku a jeho realizácia.

Enregistré dans:
Détails bibliographiques
Auteur principal: Hrašková, Dagmar
Format: Chapitre de livre
Langue:slovaque
Sujets:
Tags: Ajouter un tag
Pas de tags, Soyez le premier à ajouter un tag!

MARC

LEADER 00000naa a2200000 4500
001 0122006
005 20231120112909.1
041 0 |a slo 
044 |a SK 
245 1 0 |a Podniková sociálna politika  |c Dagmar Hrašková 
520 |a Funkcie, ciele a zámery podnikovej sociálnej politiky. Pracovné podmienky zamestnancov. Zmluvná a dobrovoľná starostlivosť o zamestnancov. Sociálny program podniku a jeho realizácia. 
610 2 0 |a politika sociálna podniková 
610 2 0 |a podmienky pracovné 
610 2 0 |a prostredie pracovné 
100 1 |a Hrašková, Dagmar